书目信息 |
| 题名: |
中国民主革命时期的资产阶级
|
|
| 作者: | 何干之 , 刘炼 遗著 | |
| 分册: | ||
| 出版信息: | 上海 上海人民出版社 1980 |
|
| 页数: | 317页 | |
| 开本: | 19cm | |
| 丛书名: | ||
| 单 册: | ||
| 中图分类: | D693.71 , K25 | |
| 科图分类: | ||
| 主题词: | 民族资产阶级--研究--中国--近代--史料 , 中国--历史--1840~1949 | |
| 电子资源: | ||
| ISBN: | ||
| 000 | 00813nam0 2200277 45 | |
| 001 | 0180007968 | |
| 005 | 20070708105652.43 | |
| 010 | @dCNY1.05 | |
| 091 | @a3074.560 | |
| 100 | @a19950612d1980 em y0chiy0121 ea | |
| 101 | 0 | @achi |
| 102 | @aCN@b310000 | |
| 105 | @ay z 000yy | |
| 106 | @ar | |
| 200 | 10 | @a中国民主革命时期的资产阶级@Azhong guo min zhu ge ming shi qi de zi chan jie ji@f何干之遗著@g刘炼整理修订 |
| 210 | @a上海@c上海人民出版社@d1980 | |
| 215 | @a317页@d19cm | |
| 606 | @a民族资产阶级@x研究@y中国@z近代@x史料 | |
| 606 | 0 | @a中国@x历史@z1840~1949 |
| 690 | @aD693.71@v3 | |
| 690 | @aK25@v3 | |
| 701 | 0 | @a何干之@Ahe gan zhi@4遗著 |
| 701 | 0 | @a刘炼@4整理修订 |
| 801 | 0 | @aCN@b上海图书馆@c20070708 |
| 801 | 2 | @aCN@bNLC@c20040424 |
| 905 | @f1@b66311@f2@b66307-308@dK25@e87 | |
| 中国民主革命时期的资产阶级/何干之遗著/刘炼整理修订.-上海:上海人民出版社,1980 |
| 317页;19cm |
| ISBN :CNY1.05 |
| ● |
| 相关链接 |
|
|
|
|
正题名:中国民主革命时期的资产阶级
索取号:K25/87
 
预约/预借
| 序号 | 登录号 | 条形码 | 馆藏地/架位号 | 状态 | 备注 |
| 1 | 0066307 | 001009303 | 第二借阅区/ [索取号:K25/87] | 在馆 | |
| 2 | 0066308 | 001009321 | 第二借阅区/ [索取号:K25/87] | 在馆 | |
| 3 | 0066311 | 001009312 | 第二借阅区/ [索取号:K25/87] | 在馆 | |
| 4 | 0066313 | 001721426 | 密集书库/ [索取号:K25/87] | 在馆 |